<?xml version="1.0" encoding="UTF-8"?>
<record
    xmlns:xsi="http://www.w3.org/2001/XMLSchema-instance"
    xsi:schemaLocation="http://www.loc.gov/MARC21/slim http://www.loc.gov/standards/marcxml/schema/MARC21slim.xsd"
    xmlns="http://www.loc.gov/MARC21/slim">

  <leader>05040namaa22004211i 4500</leader>
  <controlfield tag="003">EG-GICUC</controlfield>
  <controlfield tag="005">20260430180533.0</controlfield>
  <controlfield tag="008">260430s2025    ua a|||frm||| 000 0 eng d</controlfield>
  <datafield tag="040" ind1=" " ind2=" ">
    <subfield code="a">EG-GICUC</subfield>
    <subfield code="b">eng</subfield>
    <subfield code="c">EG-GICUC</subfield>
    <subfield code="d">EG-GICUC</subfield>
    <subfield code="e">rda</subfield>
  </datafield>
  <datafield tag="041" ind1="0" ind2=" ">
    <subfield code="a">eng</subfield>
    <subfield code="b">eng</subfield>
    <subfield code="b">ara</subfield>
  </datafield>
  <datafield tag="049" ind1=" " ind2=" ">
    <subfield code="a">Deposit</subfield>
  </datafield>
  <datafield tag="082" ind1="0" ind2="4">
    <subfield code="a">624.1834</subfield>
  </datafield>
  <datafield tag="092" ind1=" " ind2=" ">
    <subfield code="a">624.1834</subfield>
    <subfield code="2">21</subfield>
  </datafield>
  <datafield tag="097" ind1=" " ind2=" ">
    <subfield code="a">M.Sc</subfield>
  </datafield>
  <datafield tag="099" ind1=" " ind2=" ">
    <subfield code="a">Cai01.13.05.M.Sc.2025.Ay.R</subfield>
  </datafield>
  <datafield tag="100" ind1="0" ind2=" ">
    <subfield code="a">Ayman Elmohammadi Youssef Mohamed Youssef, </subfield>
    <subfield code="e">preparation.</subfield>
  </datafield>
  <datafield tag="245" ind1="1" ind2="0">
    <subfield code="a">Response modification factor for seismic loading of reinforced concrete structures  considering soil&#x2013;structure interaction /</subfield>
    <subfield code="c">by Ayman Elmohammadi Youssef Mohamed Youssef ; Supervisors Prof. Dr. Hany Ahmed Aly Abdalla. </subfield>
  </datafield>
  <datafield tag="246" ind1="1" ind2="5">
    <subfield code="a">&#x645;&#x639;&#x627;&#x645;&#x644; &#x62A;&#x639;&#x62F;&#x64A;&#x644; &#x631;&#x62F;&#x648;&#x62F; &#x623;&#x641;&#x639;&#x627;&#x644; &#x627;&#x644;&#x623;&#x62D;&#x645;&#x627;&#x644; &#x627;&#x644;&#x632;&#x644;&#x632;&#x627;&#x644;&#x64A;&#x629; &#x641;&#x64A; &#x627;&#x644;&#x645;&#x646;&#x634;&#x622;&#x62A; &#x627;&#x644;&#x62E;&#x631;&#x633;&#x627;&#x646;&#x64A;&#x629; &#x627;&#x644;&#x645;&#x633;&#x644;&#x62D;&#x629; &#x645;&#x639; &#x623;&#x62E;&#x630; &#x627;&#x644;&#x62A;&#x623;&#x62B;&#x64A;&#x631; &#x627;&#x644;&#x645;&#x62A;&#x628;&#x627;&#x62F;&#x644; &#x628;&#x64A;&#x646; &#x627;&#x644;&#x62A;&#x631;&#x628;&#x629; &#x648;&#x627;&#x644;&#x645;&#x646;&#x634;&#x623; &#x641;&#x64A; &#x627;&#x644;&#x627;&#x639;&#x62A;&#x628;&#x627;&#x631;</subfield>
  </datafield>
  <datafield tag="264" ind1=" " ind2="0">
    <subfield code="c">2025.</subfield>
  </datafield>
  <datafield tag="300" ind1=" " ind2=" ">
    <subfield code="a">206 pages :</subfield>
    <subfield code="b">illustrations ; </subfield>
    <subfield code="c">30 cm. + </subfield>
    <subfield code="e">CD.</subfield>
  </datafield>
  <datafield tag="336" ind1=" " ind2=" ">
    <subfield code="a">text</subfield>
    <subfield code="2">rda content</subfield>
  </datafield>
  <datafield tag="337" ind1=" " ind2=" ">
    <subfield code="a">Unmediated</subfield>
    <subfield code="2">rdamedia</subfield>
  </datafield>
  <datafield tag="338" ind1=" " ind2=" ">
    <subfield code="a">volume</subfield>
    <subfield code="2">rdacarrier</subfield>
  </datafield>
  <datafield tag="502" ind1=" " ind2=" ">
    <subfield code="a">Thesis (M.Sc)-Cairo University, 2025.</subfield>
  </datafield>
  <datafield tag="504" ind1=" " ind2=" ">
    <subfield code="a">Bibliography: pages 187-190.</subfield>
  </datafield>
  <datafield tag="520" ind1=" " ind2="3">
    <subfield code="a">This study explores the effects of Soil-Structure Interaction (SSI) on reinforced concrete 
(RC) shear wall buildings, especially when built on soft soils where SSI significantly influences 
seismic response. Two SSI modeling approaches are used: (1) nonlinear horizontal (P-Y) 
springs combined with equivalent linear vertical (T-Z and Q-Z) springs for piled raft 
foundations, and (2) equivalent linear P-Y, T-Z, and Q-Z springs for both raft and piled raft 
foundations. A parametric analysis across varying building heights evaluates inter-storey drift, 
ductility, base shear, and response modification factors using nonlinear finite element models 
based on Egyptian Code ECP 201. Results show that SSI generally reduces base shear but 
increases lateral displacement and drift, with period elongation more evident in taller buildings. 
The study reveals that fixed-base assumptions can underestimate ductility demands and 
overestimate safety. Recommendations are made for refining R-factor values and incorporating 
SSI in performance-based seismic design of RC shear wall structures.  </subfield>
  </datafield>
  <datafield tag="520" ind1=" " ind2="3">
    <subfield code="a">&#x62A;&#x633;&#x62A;&#x643;&#x634;&#x641; &#x647;&#x630;&#x647; &#x627;&#x644;&#x62F;&#x631;&#x627;&#x633;&#x629; &#x62A;&#x623;&#x62B;&#x64A;&#x631; &#x627;&#x644;&#x62A;&#x641;&#x627;&#x639;&#x644; &#x628;&#x64A;&#x646; &#x627;&#x644;&#x62A;&#x631;&#x628;&#x629; &#x648;&#x627;&#x644;&#x645;&#x646;&#x634;&#x623; (SSI) &#x639;&#x644;&#x649; &#x627;&#x644;&#x645;&#x628;&#x627;&#x646;&#x64A; &#x630;&#x627;&#x62A; &#x627;&#x644;&#x62C;&#x62F;&#x631;&#x627;&#x646; &#x627;&#x644;&#x642;&#x635; &#x645;&#x646; &#x627;&#x644;&#x62E;&#x631;&#x633;&#x627;&#x646;&#x629; &#x627;&#x644;&#x645;&#x633;&#x644;&#x62D;&#x629; (RC)&#x60C; &#x62E;&#x627;&#x635;&#x629; &#x639;&#x646;&#x62F; &#x625;&#x646;&#x634;&#x627;&#x626;&#x647;&#x627; &#x639;&#x644;&#x649; &#x62A;&#x631;&#x628;&#x629; &#x644;&#x64A;&#x646;&#x629;&#x60C; &#x62D;&#x64A;&#x62B; &#x64A;&#x643;&#x648;&#x646; &#x644;&#x62A;&#x623;&#x62B;&#x64A;&#x631; SSI &#x62F;&#x648;&#x631; &#x643;&#x628;&#x64A;&#x631; &#x641;&#x64A; &#x627;&#x644;&#x627;&#x633;&#x62A;&#x62C;&#x627;&#x628;&#x629; &#x627;&#x644;&#x632;&#x644;&#x632;&#x627;&#x644;&#x64A;&#x629;. &#x62A;&#x645; &#x627;&#x633;&#x62A;&#x62E;&#x62F;&#x627;&#x645; &#x646;&#x647;&#x62C;&#x64A;&#x646; &#x644;&#x646;&#x645;&#x630;&#x62C;&#x629; SSI: (1) &#x646;&#x648;&#x627;&#x628;&#x636; &#x623;&#x641;&#x642;&#x64A;&#x629; &#x63A;&#x64A;&#x631; &#x62E;&#x637;&#x64A;&#x629; &#x645;&#x646; &#x646;&#x648;&#x639; (P-Y) &#x645;&#x639; &#x646;&#x648;&#x627;&#x628;&#x636; &#x631;&#x623;&#x633;&#x64A;&#x629; &#x62E;&#x637;&#x64A;&#x629; &#x645;&#x643;&#x627;&#x641;&#x626;&#x629; &#x645;&#x646; &#x646;&#x648;&#x639;&#x64A; (T-Z) &#x648;(Q-Z) &#x644;&#x623;&#x633;&#x627;&#x633;&#x627;&#x62A; "&#x627;&#x644;&#x644;&#x628;&#x634;&#x629; &#x645;&#x639; &#x62E;&#x648;&#x627;&#x632;&#x64A;&#x642;"&#x60C; &#x648;(2) &#x646;&#x648;&#x627;&#x628;&#x636; &#x62E;&#x637;&#x64A;&#x629; &#x645;&#x643;&#x627;&#x641;&#x626;&#x629; (P-Y &#x648;T-Z &#x648;Q-Z) &#x644;&#x643;&#x644; &#x645;&#x646; &#x627;&#x644;&#x623;&#x633;&#x627;&#x633;&#x627;&#x62A; &#x627;&#x644;&#x644;&#x628;&#x634;&#x629; &#x648;&#x627;&#x644;&#x639;&#x627;&#x62F;&#x64A;&#x629; &#x648;&#x627;&#x644;&#x644;&#x628;&#x634;&#x629; &#x645;&#x639; &#x627;&#x644;&#x62E;&#x648;&#x627;&#x632;&#x64A;&#x642;. &#x62A;&#x645; &#x625;&#x62C;&#x631;&#x627;&#x621; &#x62A;&#x62D;&#x644;&#x64A;&#x644; &#x639;&#x62F;&#x62F;&#x64A; &#x644;&#x628;&#x627;&#x631;&#x627;&#x645;&#x62A;&#x631;&#x627;&#x62A; &#x645;&#x62E;&#x62A;&#x644;&#x641;&#x629; &#x62A;&#x634;&#x645;&#x644; &#x627;&#x644;&#x627;&#x646;&#x62C;&#x631;&#x627;&#x641; &#x628;&#x64A;&#x646; &#x627;&#x644;&#x637;&#x648;&#x627;&#x628;&#x642;&#x60C; &#x648;&#x627;&#x644;&#x644;&#x62F;&#x648;&#x646;&#x629;&#x60C; &#x648;&#x642;&#x648;&#x629; &#x627;&#x644;&#x642;&#x635; &#x639;&#x646;&#x62F; &#x627;&#x644;&#x642;&#x627;&#x639;&#x62F;&#x629;&#x60C; &#x648;&#x645;&#x639;&#x627;&#x645;&#x644; &#x62A;&#x639;&#x62F;&#x64A;&#x644; &#x627;&#x644;&#x627;&#x633;&#x62A;&#x62C;&#x627;&#x628;&#x629;&#x60C; &#x648;&#x630;&#x644;&#x643; &#x628;&#x627;&#x633;&#x62A;&#x62E;&#x62F;&#x627;&#x645; &#x646;&#x645;&#x627;&#x630;&#x62C; &#x627;&#x644;&#x639;&#x646;&#x627;&#x635;&#x631; &#x627;&#x644;&#x645;&#x62D;&#x62F;&#x62F;&#x629; &#x63A;&#x64A;&#x631; &#x627;&#x644;&#x62E;&#x637;&#x64A;&#x629; &#x627;&#x633;&#x62A;&#x646;&#x627;&#x62F;&#x64B;&#x627; &#x625;&#x644;&#x649; &#x627;&#x644;&#x643;&#x648;&#x62F; &#x627;&#x644;&#x645;&#x635;&#x631;&#x64A; &#x644;&#x644;&#x623;&#x62D;&#x645;&#x627;&#x644; (ECP 201). &#x623;&#x638;&#x647;&#x631;&#x62A; &#x627;&#x644;&#x646;&#x62A;&#x627;&#x626;&#x62C; &#x623;&#x646; SSI &#x64A;&#x642;&#x644;&#x644; &#x639;&#x645;&#x648;&#x645;&#x64B;&#x627; &#x645;&#x646; &#x642;&#x648;&#x649; &#x627;&#x644;&#x642;&#x635; &#x639;&#x646;&#x62F; &#x627;&#x644;&#x642;&#x627;&#x639;&#x62F;&#x629;&#x60C; &#x644;&#x643;&#x646;&#x647; &#x64A;&#x632;&#x64A;&#x62F; &#x645;&#x646; &#x627;&#x644;&#x625;&#x632;&#x627;&#x62D;&#x627;&#x62A; &#x627;&#x644;&#x62C;&#x627;&#x646;&#x628;&#x64A;&#x629; &#x648;&#x627;&#x644;&#x627;&#x646;&#x62C;&#x631;&#x627;&#x641;&#x60C; &#x645;&#x639; &#x645;&#x644;&#x627;&#x62D;&#x638;&#x629; &#x627;&#x633;&#x62A;&#x637;&#x627;&#x644;&#x629; &#x641;&#x64A; &#x641;&#x62A;&#x631;&#x629; &#x627;&#x644;&#x627;&#x647;&#x62A;&#x632;&#x627;&#x632; &#x62E;&#x627;&#x635;&#x629; &#x641;&#x64A; &#x627;&#x644;&#x645;&#x628;&#x627;&#x646;&#x64A; &#x627;&#x644;&#x637;&#x648;&#x64A;&#x644;&#x629;. &#x62A;&#x643;&#x634;&#x641; &#x627;&#x644;&#x62F;&#x631;&#x627;&#x633;&#x629; &#x623;&#x646; &#x627;&#x644;&#x627;&#x641;&#x62A;&#x631;&#x627;&#x636;&#x627;&#x62A; &#x627;&#x644;&#x645;&#x628;&#x646;&#x64A;&#x629; &#x639;&#x644;&#x649; &#x623;&#x633;&#x627;&#x633; &#x62B;&#x627;&#x628;&#x62A; &#x642;&#x62F; &#x62A;&#x642;&#x644;&#x644; &#x645;&#x646; &#x62A;&#x642;&#x62F;&#x64A;&#x631; &#x645;&#x62A;&#x637;&#x644;&#x628;&#x627;&#x62A; &#x627;&#x644;&#x644;&#x62F;&#x648;&#x646;&#x629; &#x648;&#x62A;&#x628;&#x627;&#x644;&#x63A; &#x641;&#x64A; &#x62A;&#x642;&#x62F;&#x64A;&#x631; &#x639;&#x648;&#x627;&#x645;&#x644; &#x627;&#x644;&#x623;&#x645;&#x627;&#x646;. &#x648;&#x62A;&#x648;&#x635;&#x64A; &#x627;&#x644;&#x646;&#x62A;&#x627;&#x626;&#x62C; &#x628;&#x62A;&#x639;&#x62F;&#x64A;&#x644; &#x642;&#x64A;&#x645; &#x645;&#x639;&#x627;&#x645;&#x644; &#x627;&#x644;&#x627;&#x633;&#x62A;&#x62C;&#x627;&#x628;&#x629; (R) &#x648;&#x62F;&#x645;&#x62C; &#x62A;&#x623;&#x62B;&#x64A;&#x631; SSI &#x628;&#x634;&#x643;&#x644; &#x635;&#x631;&#x64A;&#x62D; &#x636;&#x645;&#x646; &#x62A;&#x635;&#x645;&#x64A;&#x645; &#x627;&#x644;&#x632;&#x644;&#x627;&#x632;&#x644; &#x627;&#x644;&#x642;&#x627;&#x626;&#x645; &#x639;&#x644;&#x649; &#x627;&#x644;&#x623;&#x62F;&#x627;&#x621; &#x644;&#x644;&#x645;&#x628;&#x627;&#x646;&#x64A; &#x630;&#x627;&#x62A; &#x627;&#x644;&#x62C;&#x62F;&#x631;&#x627;&#x646; &#x627;&#x644;&#x642;&#x635; &#x645;&#x646; &#x627;&#x644;&#x62E;&#x631;&#x633;&#x627;&#x646;&#x629; &#x627;&#x644;&#x645;&#x633;&#x644;&#x62D;&#x629;.</subfield>
  </datafield>
  <datafield tag="530" ind1=" " ind2=" ">
    <subfield code="a">Issues also as CD.</subfield>
  </datafield>
  <datafield tag="546" ind1=" " ind2=" ">
    <subfield code="a">Text in English and abstract in Arabic &amp; English.</subfield>
  </datafield>
  <datafield tag="650" ind1=" " ind2="0">
    <subfield code="a">Reinforced concrete structures</subfield>
  </datafield>
  <datafield tag="650" ind1=" " ind2="0">
    <subfield code="a">&#x627;&#x644;&#x645;&#x646;&#x634;&#x622;&#x62A; &#x627;&#x644;&#x62E;&#x631;&#x633;&#x627;&#x646;&#x64A;&#x629; &#x627;&#x644;&#x645;&#x633;&#x644;&#x62D;&#x629; </subfield>
  </datafield>
  <datafield tag="653" ind1=" " ind2="1">
    <subfield code="a">Soil-structure interaction</subfield>
    <subfield code="a">Response modification factor</subfield>
    <subfield code="a">Seismic</subfield>
    <subfield code="a">Nonlinear spring</subfield>
    <subfield code="a">&#x627;&#x644;&#x62A;&#x641;&#x627;&#x639;&#x644; &#x628;&#x64A;&#x646; &#x627;&#x644;&#x62A;&#x631;&#x628;&#x629; &#x648;&#x627;&#x644;&#x645;&#x646;&#x634;&#x623; </subfield>
    <subfield code="a">&#x645;&#x639;&#x627;&#x645;&#x644; &#x62A;&#x639;&#x62F;&#x64A;&#x644; &#x631;&#x62F;&#x648;&#x62F; &#x623;&#x641;&#x639;&#x627;&#x644; &#x627;&#x644;&#x623;&#x62D;&#x645;&#x627;&#x644;</subfield>
  </datafield>
  <datafield tag="700" ind1="0" ind2=" ">
    <subfield code="a">Hany Ahmed Aly Abdalla</subfield>
    <subfield code="e">thesis advisor.</subfield>
  </datafield>
  <datafield tag="900" ind1=" " ind2=" ">
    <subfield code="b">01-01-2025</subfield>
    <subfield code="c">Hany Ahmed Aly Abdalla</subfield>
    <subfield code="d">Khaled Farouk O. Elkashef</subfield>
    <subfield code="d">Ahmed Ali Hassan Abdelwahab</subfield>
    <subfield code="U">Cairo University</subfield>
    <subfield code="F">Faculty of Engineering </subfield>
    <subfield code="D">Department of Structural Engineering </subfield>
  </datafield>
  <datafield tag="905" ind1=" " ind2=" ">
    <subfield code="a">Shimaa</subfield>
  </datafield>
  <datafield tag="942" ind1=" " ind2=" ">
    <subfield code="2">ddc</subfield>
    <subfield code="c">TH</subfield>
    <subfield code="e">21</subfield>
    <subfield code="n">0</subfield>
  </datafield>
  <datafield tag="999" ind1=" " ind2=" ">
    <subfield code="c">179870</subfield>
  </datafield>
  <datafield tag="952" ind1=" " ind2=" ">
    <subfield code="2">ddc</subfield>
    <subfield code="9">317492</subfield>
    <subfield code="a">CUCL</subfield>
    <subfield code="b">cl210</subfield>
    <subfield code="d">2026-04-30</subfield>
    <subfield code="i">93922</subfield>
    <subfield code="o">Cai01.13.05.M.Sc.2025.Ay.R</subfield>
    <subfield code="p">01010110093922000</subfield>
    <subfield code="r">2026-04-30 17:06:17</subfield>
    <subfield code="w">2026-04-30</subfield>
    <subfield code="y">TH</subfield>
  </datafield>
</record>
